000 00818nam a2200277Ia 4500
003 OSt
005 20220927105735.0
006 a|||||r|||| 00| 0
007 ta
008 220926b |||||||| |||| 00| 0 eng d
020 _a9780199699308
024 _a207930
037 _cReference Collections
040 _aRTL
_cRTL
_beng
041 _2eng
_aeng
082 _a"Q8441g, Q4"
100 _aSINGH Pashaura
_9374629
245 0 _aOxford handbook of sikh studies
260 _a"UK,"
_b"Oxford University Press, 2014 "
_c2014
300 _a"xxii,650p."
_ccm.
490 _aNew Cambridge History of India;4.1
500 _aBibliography: P 368-86
700 _a FENECH Louis E.
_9374630
942 _h"Q8441g, Q4"
_cCC
999 _c694289
_d694289